[Event "FICGS class SM 000003 email"]
[Site "FICGS email"]
[Date "2006.10.03"]
[Round "1"]
[White "Gonzalez, Ivan"]
[Black "Krol, Wladyslaw"]
[Result "1/2-1/2"]
[WhiteElo "2411"]
[BlackElo "2416"]
[PlyCount "27"]
[EventDate "2006.??.??"]
[EventType "tourn (corr)"]
[EventRounds "6"]
[EventCategory "7"]
[SourceTitle "Corr 2022"]
[Source "ChessBase"]
[SourceDate "2021.10.24"]
[SourceVersion "1"]
[SourceVersionDate "2021.10.24"]
[SourceQuality "1"]

1. e4 e5 2. Nf3 Nc6 3. d4 exd4 4. Nxd4 Bc5 5. Be3 Qf6 6. c3 Nge7 7. Bc4 Ne5 8. Be2 d6 9. 0-0 0-0 10. f4 N5c6 11. Kh1 Re8 12. Qd3 d5 13. e5 Qg6 14. Qxg6 1/2-1/2

[Event "FICGS class SM 000003 email"]
[Site "FICGS email"]
[Date "2006.10.03"]
[Round "1"]
[White "Gonzalez, Ivan"]
[Black "Shwimmer, Peter"]
[Result "0-1"]
[WhiteElo "2411"]
[BlackElo "2488"]
[PlyCount "64"]
[EventDate "2006.??.??"]
[EventType "tourn (corr)"]
[EventRounds "6"]
[EventCategory "7"]
[SourceTitle "Corr 2022"]
[Source "ChessBase"]
[SourceDate "2021.10.24"]
[SourceVersion "1"]
[SourceVersionDate "2021.10.24"]
[SourceQuality "1"]

1. e4 c5 2. Nf3 Nc6 3. d4 cxd4 4. Nxd4 Nf6 5. Nc3 d6 6. Bg5 e6 7. Qd2 a6 8. 0-0-0 h6 9. Nxc6 bxc6 10. Bf4 d5 11. Qe3 Bb4 12. Be2 0-0 13. e5 Nd7 14. Qg3 Kh8 15. Qh3 Be7 16. Kb1 Bg5 17. g3 Rb8 18. Ka1 Bxf4 19. gxf4 f6 20. Rhg1 fxe5 21. fxe5 Nxe5 22. Rg2 Qf6 23. Rdg1 Rf7 24. Qe3 Rb4 25. Qc5 Rh4 26. Qd6 g5 27. Re1 Qf4 28. Rd1 Kg7 29. Qd8 Bb7 30. f3 Rxh2 31. Rxh2 Qxh2 32. Qe8 Ng6 0-1

[Event "Oviedo"]
[Site "Oviedo"]
[Date "2000.??.??"]
[Round "2"]
[White "Glavina, Pablo"]
[Black "Gonzalez, Ivan"]
[Result "1-0"]
[WhiteElo "2439"]
[BlackElo "2180"]
[PlyCount "95"]
[EventDate "2000.??.??"]
[EventType "tourn"]
[EventRounds "9"]
[EventCountry "ESP"]
[EventCategory "4"]
[SourceTitle "EXT 2001"]
[Source "ChessBase"]
[SourceDate "2000.11.22"]
[SourceVersion "1"]
[SourceVersionDate "2000.11.22"]
[SourceQuality "1"]

1. d4 e6 2. g3 Nf6 3. Bg2 d5 4. Nf3 c5 5. c4 Nc6 6. cxd5 exd5 7. 0-0 Bg4 8. Ne5 cxd4 9. Nxg4 Nxg4 10. e3 Nf6 11. exd4 Be7 12. Nc3 0-0 13. Be3 Qd7 14. Rc1 Rac8 15. Qa4 h6 16. Rfd1 Rfd8 17. a3 a6 18. b4 Qf5 19. Qb3 Na7 20. Na4 Nb5 21. Nc5 Bxc5 22. bxc5 Rd7 23. Qd3 Qxd3 24. Rxd3 Re8 25. Rb1 Ng4 26. Rdb3 Nxe3 27. fxe3 Ree7 28. Kf2 Kf8 29. Bf3 g6 30. Be2 Na7 31. Rb6 Nc8 32. R6b4 Na7 33. Bd1 Rc7 34. Bg4 Nb5 35. R4b3 Kg7 36. Bf3 Rcd7 37. Be2 Na7 38. Rb6 Rc7 39. Rd6 Red7 40. Bg4 Rxd6 41. cxd6 Rc2+ 42. Kg1 b5 43. d7 Nc6 44. a4 bxa4 45. Bd1 Rc4 46. Rb6 Nd8 47. Rb8 Ne6 48. Re8 1-0

[Event "Havana Provincial sf"]
[Site "Havana"]
[Date "1999.??.??"]
[Round "?"]
[White "Rodriguez, Alain"]
[Black "Gonzalez, Ivan"]
[Result "0-1"]
[WhiteElo "2143"]
[BlackElo "2232"]
[PlyCount "54"]
[EventDate "1999.??.??"]
[EventType "swiss"]
[EventRounds "9"]
[EventCountry "CUB"]
[SourceTitle "EXT 2001"]
[Source "ChessBase"]
[SourceDate "2000.11.22"]
[SourceVersion "1"]
[SourceVersionDate "2000.11.22"]
[SourceQuality "1"]

1. e4 e5 2. Nf3 Nc6 3. Bb5 Nf6 4. d3 d6 5. 0-0 g6 6. h3 Bg7 7. c3 0-0 8. Re1 Bd7 9. Bg5 h6 10. Be3 Kh7 11. Nbd2 Nh5 12. a4 Ne7 13. d4 c6 14. Bd3 Qc7 15. dxe5 dxe5 16. Nc4 Be6 17. a5 Rad8 18. Qc2 Nf4 19. Bf1 c5 20. Na3 Nc8 21. a6 b6 22. Nb5 Qc6 23. Rad1 f5 24. Rxd8 Rxd8 25. Bxf4 exf4 26. exf5 Bxf5 27. Qc1 Bd3 0-1